Štúdium materiálov na báze kaučukov pomocou fyzikálnych metód

Salvato in:
Dettagli Bibliografici
Autore principale: Lehocký, Jakub (Autore)
Altri autori: Bošák, Ondrej (Relatore della tesi)
Natura: Manoscritto Libro
Lingua:slovacco
Pubblicazione: 2016
Soggetti:
Accesso online:http://is.stuba.sk/zp/portal_zp.pl?podrobnosti=121656
Tags: Aggiungi Tag
Nessun Tag, puoi essere il primo ad aggiungerne!!

MARC

LEADER 00000ntm a22000003a 4500
001 stuzp56481
003 SK-STU
005 20160719155016.5
007 ta
008 150427s2015----xo-----f-mn---000-0-slo-d
040 |a STU  |b slo 
041 0 |a slo 
100 1 |a Lehocký, Jakub  |u 061000  |k Z4  |4 aut  |U MTF Materiálovotechnologická fakulta  |T MTF Ústav materiálov  |X 45888  |U M1000  |Y 81  |7 A000045888 
242 0 1 |a Study of Materials on the Basis of Rubbers Using Physical Methods  |y eng 
245 1 0 |a Štúdium materiálov na báze kaučukov pomocou fyzikálnych metód 
260 |c 2016 
650 4 |a kaučuk  |2 slo 
650 4 |a vulkanizácia  |2 slo 
650 4 |a žiarenie  |2 slo 
650 4 |a priečne väzby  |2 slo 
650 4 |a vlastnosti kaučukov  |2 slo 
650 4 |a rubber  |2 eng 
650 4 |a irradiation  |2 eng 
650 4 |a cross links  |2 eng 
650 4 |a rubber properties  |2 eng 
650 4 |a vulcanization  |2 eng 
700 1 |a Bošák, Ondrej  |u 061000  |k Z1  |4 ths  |U MTF Materiálovotechnologická fakulta  |T MTF Ústav materiálov  |X 1546  |U M1000  |Y 81  |7 A000001546 
856 4 |u http://is.stuba.sk/zp/portal_zp.pl?podrobnosti=121656 
996 |c M* DP-12764  |l MMSKP  |s P  |a 0  |w stuzp56481_0001 
SQL |a stuzp56481  |b DDP  |c SLO  |d Štúdium materiálov na báze kaučukov pomocou fyzikálnych metód  |e 45888  |f Lehocký, Jakub  |g 061000  |h 1546  |i Bošák, Ondrej  |j 20160603  |k 667  |l 06  |m http://is.stuba.sk/zp/portal_zp.pl?podrobnosti=121656  |n I-MI  |o 5.2.26. materiály